Hawaiian Airlines Destinations on a Map - Statistics

General Stats
  • This quiz has been taken 160 times
  • The average score is 24 of 31
Answers on the Map
Answers color-coded by a green-red scale on the quiz's map according to % correct below.
 
Answer Stats
Country Answer % Correct
United States Los Angeles
96%
Japan Tokyo
96%
United States San Francisco
95%
United States Seattle
95%
United States Boston
93%
United States Honolulu
93%
United States Las Vegas
93%
United States New York
93%
South Korea Seoul
93%
Australia Sydney
93%
Japan Osaka
92%
United States San Diego
92%
United States Anchorage
91%
New Zealand Auckland
91%
United States Portland
91%
United States Austin
89%
United States Phoenix
89%
United States Salt Lake City
84%
United States San Jose
84%
United States Sacramento
83%
United States Oakland
68%
Japan Fukuoka
63%
United States Hilo
62%
French Polynesia Papeete
61%
United States Kona
56%
United States Long Beach
55%
United States Kahului
53%
United States Lihue
53%
United States Ontario
49%
American Samoa Pago Pago
42%
Cook Islands Rarotonga
24%
No matching quizzes found
Score Distribution
Percent of People with Each Score
Percentile by Number Answered
Your Score History
You have not taken this quiz